Ravum pakalum / (Record no. 6645)
[ view plain ]
| 000 -LEADER | |
|---|---|
| fixed length control field | 00402cam a2200169ua 4500 |
| 041 ## - LANGUAGE CODE | |
| Language code of text/sound track or separate title | mal |
| 082 ## - DEWEY DECIMAL CLASSIFICATION NUMBER | |
| Classification number | 894.8122 |
| Item number | KAN/RA |
| 100 ## - MAIN ENTRY--AUTHOR NAME | |
| Personal name | Kanam, E J . |
| 245 ## - TITLE STATEMENT | |
| Title | Ravum pakalum / |
| 260 ## - PUBLICATION, DISTRIBUTION, ETC. (IMPRINT) | |
| Place of publication | Thuravoor : |
| Name of publisher | Sree Narasimha Vilasam Book Depot. |
| 300 ## - PHYSICAL DESCRIPTION | |
| Number of Pages | 174 ; . |
| 942 ## - ADDED ENTRY ELEMENTS (KOHA) | |
| Koha item type | Books |
| Withdrawn status | Lost status | Damaged status | Home library | Current library | Date acquired | Cost, normal purchase price | Full call number | Accession Number | Koha item type |
|---|---|---|---|---|---|---|---|---|---|
| Withdrawn | KAUAET | KAUAET | 07/04/2012 | 2.00 | 894.8122 | 898 | Books |
